000 00240nam a2200097Ia 4500
008 220204s9999 xx 000 0 und d
082 _a82-36
_bVID
245 4 _aThe Magic cup and other stories
260 _aBombay
_bSubhash
_c1980
942 _cBK
999 _c37488
_d37488